000
00319nam a2200133Ia 4500
008
221030s9999 xx 000 0 und d
041
_a
English
100
_a
S. Singh
245
0
_a
Workshop Practice
_c
by S. Singh
260
_b
S. K. Kataria
_a
New Delhi
_c
2003
300
_a
257
650
_a
BB Mechanics
942
_c
BK
999
_c
18813
_d
18813